| 000 | 00525nam a2200193 a 4500 | ||
|---|---|---|---|
| 001 | 1756792092538 | ||
| 003 | YourLibrary | ||
| 005 | 20250902111954.0 | ||
| 008 | 250902s2008##################000#0#eng## | ||
| 020 | _a9783527408429 | ||
| 082 | 0 | 4 |
_a539.73 _bPAD |
| 100 | 1 |
_aPadamsee, Hasan, _eauthor. |
|
| 245 | 1 | 0 | _aRF Superconductivity for Accelerators : |
| 260 |
_bJohn Wiley & Sons, _c2008. |
||
| 300 | _a548 pages | ||
| 650 | 0 | _aTechnology & Engineering. | |
| 942 | _cENGLISH | ||
| 040 |
_aYourLibrary _beng _cYourLibrary |
||
| 999 |
_c584938 _d584938 |
||